Are You Smarter Than a College Student? XVI Quiz Stats

Quiz Updated May 24, 2018

Challenge
Share
Tweet
Embed
Score 0/30 Timer 07:00
35 Plays Today
Hint Answer % Correct
Easyketchup
95.8%
EasyDonald Trump
91.3%
EasyLady and the Tramp
91.2%
Easyblimp
90.6%
Easybishop
89.7%
EasyBattleship
87.4%
Easyharp
84.9%
EasyMeryl Streep
77.6%
Easyhula hoop
72.1%
Easykneecap
71.4%
MediumRoboCop
68%
MediumVenus Flytrap
66.9%
Mediumsharp
66.7%
MediumNAACP
64.4%
Mediumbuttercup
56.6%
Hint Answer % Correct
MediumAugustus Gloop
50.5%
MediumPrince Philip
48.3%
Mediumsheep
48.2%
Mediumegg drop soup
45.5%
Mediummint julep
44.5%
Hardparsnip
37.6%
HardEarp
36.2%
HardDavis Cup
33%
HardAntwerp
32.3%
HardHale-Bopp
21.8%
HardNews Corp
18.6%
HardJack Kemp
18.5%
HardImhotep
17.3%
HardMarcel Duchamp
11.5%
Hardkip
6.7%

You're not logged in!

Compare scores with friends on all Sporcle quizzes.
Join for Free
OR
Log In

Show Comments

Extras

Top Quizzes Today


Score Distribution

Your Account Isn't Verified!

In order to create a playlist on Sporcle, you need to verify the email address you used during registration. Go to your Sporcle Settings to finish the process.

Report this User

Report this user for behavior that violates our Community Guidelines.

Details: